Quizzes
Events
Quiz Creation
Community
Videos
Private Events
Remove Ads
Sign In
Join for FREE
Feedback
Dark Mode
Quiz Categories
Sports
Geography
Music
Movies
Television
Just For Fun
Miscellaneous
History
Literature
Language
Science
Gaming
Entertainment
Religion
Holiday
For Kids
Quiz Lab
Recent
Popular Today
Quiz Kudos Today
Editor Picks
Curator Picks
Quizzes by...
Day
Popularity
Type
Ratings
Length
Year
Community
Subscriptions
Recent Discussions
Orange Saloon
Badges
Playlists
Quests
Create
Leaderboards
Showdown
Live 5
Trivia Bingo
Activity
Puzzle Library
Sporcle Events
Private Events
Virtual Trivia
Globe League
Become a Host
Pub Owners
SporcleCon
Opinionation
Our Games
Videos
Blog
Mobile Apps
Partnerships
Remove Ads and Go Orange
Feedback
History
US Presidents
World Leaders
Politics
Nation
Discovery
War
Decade
Year
Century
Biography
Art
History
US Presidents
World Leaders
Politics
Nation
Discovery
War
Decade
Year
Century
Biography
Art
Random Quiz
Search Sporcle
×
Quiz Lab
Quiz Lab
History
Clickable
Select answers by clicking on text or image buttons
Select answers by clicking on text or image buttons
Clickable
Best Score? Go Orange.
Name these Modern Day Cities Stats
Can you name these modern day cities from their former names?
By
andy_16sp
15m
46 Questions
150 Plays
150 Plays
150 Plays
Comments
Comments
Give Quiz Kudos
Give Quiz Kudos
-
- Ratings
hide this ad
Forced Order
Answers have to be entered in order
Answers have to be entered in order
Replay
Link that replays current quiz
Next Quiz
Link to next quiz in quiz playlist
You Got
0%
They Got
Avg Score
50%
Avg Friend Score
Upgrade to see
Score Distribution
Jump to the score distribution portion of the page
Score
0/46
Timer
15:00
0
Plays Today
% Correct
Istanbul
97.3%
Ho Chi Minh City
94%
Volgograd
87.3%
Beijing
86%
New York
86%
London
83.3%
Tokyo
82.7%
Mumbai
81.3%
Lviv
74.7%
Montreal
73.3%
Nanjing
70%
Chongqing
70%
Bandar Seri Begawan
69.3%
Antananarivo
68.7%
Kinshasa
68%
Puducherry
66.7%
Guangzhou
64%
Bogotá
63.3%
Chennai
60.7%
Beirut
60.7%
Wroclaw
54%
Porto Alegre
52%
Pyongyang
51.3%
% Correct
Jakarta
48.7%
Vienna
44.7%
Newcastle
44.7%
Bangkok
44%
Nuuk
43.3%
Lisbon
40%
San Francisco
39.3%
Harare
38.7%
Astana
36%
Durban
36%
Donetsk
35.3%
Seoul
33.3%
Dushanbe
29.3%
Ottawa
24.7%
Amman
23.3%
Melbourne
22.7%
Klaipeda
19.3%
Banjul
16.7%
N'djamena
14.7%
Vancouver
12.7%
Da Nang
8.7%
Khujand
8%
Kolkata
4.7%
Quiz Playlist
Details
Report
Send in Message
Add To Playlist
Clickable:
Select answers by clicking on text or image buttons
Forced Order:
Answers have to be entered in order
Last Updated: Feb 16, 2017
Quiz Scoreboard
CHALLENGE
Sign Up to Join the Scoreboard
Show All
Scores
Hide
Comments
May contain spoilers
Recently Published
Billboard Blitz: Fleetwood Mac
by CooCooCachoo
Music
15s
Presidents Visiting Landmarks
by Hejman
History
7m
An Introduction to Baseball
by treessimontrees
Sports
5m
More to Explore
Quiz From the Vault
Featured Blog Post
Where Did the Easter Bunny Come From?
hide this ad
You Might Also Like...
Tags
City Quiz
Clickable Quiz
Former
Modern
Today's Top Quizzes in History
Browse History
hide this ad
Today's Top Quizzes in Clickable
Browse Clickable
Top Contributed Quizzes in History
1
Popular People in 1991
2
Popular People in 1981
3
Popular People in 1951
4
Popular People in 1941
5
Popular People in 1986
6
Popular People in 1976
7
Popular People in 1921
8
I Am Born On March 28th
9
5-to-1: 20th Century Images of War
10
Popular People in 1946
Explore More
Trending Topics
Crossword
Disney
Marvel
NBA
Kpop
Harry Potter
Anime
Soccer
The Office
Puzzle
WWE
Country
NFL
Song
Pokémon
hide this ad
More By:
andy_16sp
Quiz
Plays
Rating
Category
Featured
Created
Sportspeople of the 2010s
17,154
4.18
Sports
Dec 31, 2019
Name these events in Scottish History
797
4.50
History
Dec 3, 2015
Facts about the Scottish Islands.
579
5.00
Geography
Nov 1, 2015
Name the facts about the UK's railways
537
2.60
Geography
Apr 13, 2016
Railway Stations in Glasgow
473
3.00
Geography
Mar 8, 2015
Go to Creator's Profile
Score Distribution
Quiz Creator Spotlight
andy_16sp
Follow
Send a Message
Quizzes Created
-
Created Quiz Play Count
-
More By This Creator
Popular Quizzes Today
1
Find the US States - No Outlines Minefield
2
Find the Countries of Europe - No Outlines Minefield
3
The Countries of the World
4
Find the US States
5
Risky Map Clicking: Biggest States A-Z
6
US States
7
Popular People in 1961
8
Movies - When Are They Set?
More History Quizzes
Famous Quotes in History by Women
Published
Trending Quizzes
Risky Map Clicking: Least Populous States A-Z
1-10 Letter G Words
1-10 Letter F Words
Risky Map Clicking: Next State Alphabetically
Risky Map Clicking: Biggest States A-Z
Recently Updated
Leaping Animals
pecheneg
Reality TV Shows (A-Z)
bhenderson79
Rickey Henderson's Hall of Fame Teammates
pecheneg
Champions League XIs: Arsenal
pecheneg
Quick Pick: Celebrities in WWE's Hall of Fame
aduchscher
A-Z Keypad Blitz II
pecheneg
Multiple Oscar Actors
pecheneg
Mystery Phrase Blitz: Oscar 'Best Actors'
pecheneg
F. Scott Fitzgerald Novels
LTH
Pick 3 Villains
ddd62291
Trending Topics
Disney
Anime
Marvel
Crossword
Harry Potter
Kpop
NBA
Country
Song
WWE
Soccer
Pokémon
Puzzle
The Office
NFL
Your Account Isn't Verified!
In order to create a playlist on Sporcle, you need to verify the email address you used during registration. Go to your
Sporcle Settings
to finish the process.
Report this User
Report this user for behavior that violates our
Community Guidelines
.
Details:
Send Report
Go to the Sporcle.com Mobile Site →
Comments